| 000 | 01032nam a2200289 i 4500 | ||
|---|---|---|---|
| 001 | 000043805 | ||
| 003 | DO-SdBNP | ||
| 005 | 20240521093924.0 | ||
| 007 | ta | ||
| 008 | 140502s2014 dr ac r 000 0 spa d | ||
| 020 | _a9789993489788 | ||
| 040 |
_aDO-SdBNP _bspa _cBNPHU _erda |
||
| 082 | 4 |
_bI73r _222 |
|
| 100 | 1 |
_aIsa Conde, Narciso, _d1942- _912387 _eautor |
|
| 245 | 1 | 0 |
_aRevelaciones / _cNarciso Isa Conde ; corrección, Andrés Hirujo |
| 264 |
_aSanto Domingo : _bImpretur, _c2014. |
||
| 300 |
_a253 páginas : _bilustraciones, retratos ; _c21 cm. |
||
| 336 |
_2rdacontent _atexto _btxt |
||
| 337 |
_2rdamedia _asin mediación _bn |
||
| 338 |
_2rdacarrier _avolumen _bnc |
||
| 500 | _aIncluye datos biográficos del autor en la solapa de la contracubierta | ||
| 500 | _aIncluye referencias bibliográficas y notas al pie de las páginas | ||
| 590 | _aLa biblioteca posee 3 ejemplares autografíados por el autor | ||
| 590 | _aInventariado, 2024/BT | ||
| 700 | 1 |
_aHirujo, Andrés, _ecorrección _985522 |
|
| 942 |
_2ddc _cLBS1 |
||
| 999 |
_c43294 _d43294 |
||